[Event "XXXV Open"]
[Site "Seville ESP"]
[Date "2010.01.13"]
[Round "6"]
[White "Mirzoev,A"]
[Black "Komljenovic,D"]
[Result "1/2-1/2"]
[WhiteElo "2594"]
[BlackElo "2431"]

1.d4 g6 2.e4 Bg7 3.Nc3 d6 4.Be3 a6 5.Qd2 b5 6.Bd3 Bb7 7.a4 b4 8.Nd1 a5 9.Ne2 Nd7
10.O-O Ngf6 11.f3 O-O 12.c3 c5 13.Nf2 cxd4 14.cxd4 e5 15.d5 Nh5 16.g4 Nf4
17.Nxf4 exf4 18.Bxf4 Nc5 19.Bc4 Qf6 20.Ra2 b3 21.Raa1 Rfc8 22.g5 Qxb2 23.Qxb2 Bxb2
24.Rab1 Bd4 25.Rfd1 Bxf2+ 26.Kxf2 Nxe4+ 27.fxe4 Rxc4 28.Rxb3 Rxe4 29.Bxd6 Rd8
30.Bc7 Rxd5 31.Rxd5 Bxd5 32.Rb8+ Kg7 33.Bxa5 f5 34.Rd8 Bc6 35.Bc3+ Kf7 36.a5 Rc4
37.Bd2 Rh4 38.Rd6 Rxh2+ 39.Kg3 Rg2+ 40.Kh3 Rf2 41.a6 Be4 42.Kg3 Rf3+ 43.Kh2 Rb3
44.Kg1 Ra3 45.Kf2 Ke7 46.Bb4 Ra4  1/2-1/2

[Event "46th ch-CUB"]
[Site "Ciego de Avila CUB"]
[Date "2010.01.14"]
[Round "2"]
[White "Quesada Perez,Ya"]
[Black "Almeida Quintana,O"]
[Result "1/2-1/2"]
[WhiteElo "2423"]
[BlackElo "2524"]

1.e4 g6 2.d4 Bg7 3.Nc3 d6 4.Nge2 a6 5.a4 Nc6 6.Be3 Nf6 7.h3 O-O 8.g3 e5 9.Bg2 exd4
10.Nxd4 Re8 11.O-O Bd7 12.Re1 Nb4 13.Qd2 c5 14.Nb3 Bc6 15.Bf4 Nd7 16.Bxd6 Ne5
17.Bxe5 Qxd2 18.Nxd2 Bxe5 19.Rec1 b5 20.axb5 axb5 21.Rxa8 Rxa8 22.Nd1 Ra2
23.c3 Nd3 24.Rb1 Nxb2 25.Rxb2 Rxb2 26.Nxb2 Bxc3 27.Nbc4 bxc4 28.Nxc4 Bb5
29.Bf1 Bxc4  1/2-1/2

[Event "TCh-AUT 2009-10"]
[Site "Graz AUT"]
[Date "2010.01.14"]
[Round "4"]
[White "Mihok,O"]
[Black "Polzin,R"]
[Result "1/2-1/2"]
[WhiteElo "2398"]
[BlackElo "2473"]

1.e4 g6 2.d4 Bg7 3.Nc3 d6 4.f4 a6 5.Nf3 Nd7 6.Be3 b5 7.d5 Ngf6 8.Nd4 O-O
9.Be2 Qe8 10.Bf3 Nb6 11.O-O b4 12.Nce2 Nc4 13.Bc1 c5 14.Nc6 Ng4 15.Qd3 Nxb2
16.Bxb2 Bxb2 17.Rae1 e5 18.h3 Nf6 19.Qb3 Ba3 20.fxe5 dxe5 21.Na5 Bd7 22.Nc4 Ba4
23.Qe3 Bxc2 24.Nxa3 bxa3 25.Rc1 Ba4 26.Rxc5 Rc8 27.Rxc8 Qxc8 28.Qxa3 Bb5
29.Rc1 Qb8 30.Nc3 Rc8 31.Kh2 Qb6 32.Nxb5 Rxc1 33.Qxc1 axb5 34.Qc3 Qd6 35.a3 Kg7
36.Kg3 g5 37.Kf2 h5 38.g4 h4 39.Ke2 Kg6 40.Kd2 Kg7  1/2-1/2

[Event "XXXV Open"]
[Site "Seville ESP"]
[Date "2010.01.15"]
[Round "8"]
[White "Rizouk,A"]
[Black "Hamdouchi,A"]
[Result "1-0"]
[WhiteElo "2532"]
[BlackElo "2295"]

1.e4 g6 2.d4 Bg7 3.Nc3 d6 4.Be3 Nf6 5.Qd2 a6 6.Nf3 O-O 7.Bd3 Nc6 8.d5 Ne5
9.Nxe5 dxe5 10.a4 e6 11.dxe6 Bxe6 12.a5 Ng4 13.Bc5 Re8 14.f3 Nf6 15.Qf2 Nd7
16.Be3 f5 17.Qe2 f4 18.Bf2 Qg5 19.Bc4 Qe7 20.O-O Nf6 21.Na4 Bf8 22.Rfd1 Bxc4
23.Qxc4+ Qf7 24.Qc3 g5 25.Nc5 Bxc5 26.Qxc5 Re6 27.Rd2 Rae8 28.Rad1 Kg7 29.Qb4 c6
30.Rd3 g4 31.fxg4 Nxg4 32.Rd7 R8e7 33.Qxb7 Nxf2 34.Kxf2 Kf6 35.Qc8 Kg7 36.Qd8 Qf8
37.Rxe7+ Rxe7 38.Qxf8+ Kxf8 39.Rd8+ Kf7 40.Ra8 Rd7 41.Rxa6 Rd2+ 42.Kf3 Rxc2
43.Rb6 Rc5 44.a6 Ke7 45.a7 Ra5 46.Rb7+ Kf6 47.Rxh7 c5 48.Kg4  1-0

[Event "8th Parsvnath Open"]
[Site "New Delhi IND"]
[Date "2010.01.16"]
[Round "4"]
[White "Thakur,Ak"]
[Black "Chauhan,J"]
[Result "1-0"]
[WhiteElo "2331"]
[BlackElo "2097"]

1.e4 g6 2.d4 Bg7 3.Nc3 d6 4.Nf3 Nf6 5.Be3 a6 6.a4 O-O 7.h3 b6 8.Bd3 e6 9.Qd2 Re8
10.e5 Nd5 11.Bh6 Nxc3 12.Bxg7 Kxg7 13.Qxc3 Bb7 14.Be2 Nd7 15.h4 h6 16.Rh3 Rc8
17.Rd1 c5 18.exd6 cxd4 19.Qxd4+ Qf6 20.Qxf6+ Kxf6 21.c3 Red8 22.g4 Kg7 23.g5 h5
24.Rd2 Nc5 25.Ne5 Nd7 26.Nxd7 Rxd7 27.f4 Rc5 28.Rhd3 Rd5 29.c4 Rxd3 30.Rxd3 a5
31.Rb3 Rxd6 32.c5 Rd4 33.Rxb6 Bc8 34.Rb8 Bd7 35.Rd8 e5 36.fxe5 Rd5 37.Kf2 Be6
38.Rxd5 Bxd5 39.Bf3 Be6 40.Bb7  1-0

[Event "46th ch-CUB"]
[Site "Ciego de Avila CUB"]
[Date "2010.01.18"]
[Round "6"]
[White "Bacallao Alonso,Y"]
[Black "Almeida Quintana,O"]
[Result "0-1"]
[WhiteElo "2467"]
[BlackElo "2524"]

1.e4 g6 2.d4 Bg7 3.Nc3 d6 4.Nf3 a6 5.Be2 Nd7 6.O-O b5 7.a4 b4 8.Nd5 a5 9.c3 c6
10.Nf4 bxc3 11.bxc3 e5 12.dxe5 dxe5 13.Nd3 Qc7 14.Nd2 Ngf6 15.Ba3 Bf8 16.Qc1 Ba6
17.c4 Bxa3 18.Qxa3 c5 19.f4 exf4 20.e5 Nxe5 21.Qc3 Nfd7 22.Nf3 f6 23.Nxf4 Bb7
24.Rae1 Qd6 25.Rb1 Be4 26.Rbd1 Qe7 27.Nxe5 Nxe5 28.Qe3 Bc6 29.Nd5 Bxd5 30.cxd5 Rd8
31.Bb5+ Kf7 32.Qd2 Rd6 33.Qxa5 Rhd8 34.Rde1 Kg7 35.Bc6 c4 36.Qc5 Qc7 37.Rxe5 fxe5
38.Qxc4 Qb6+ 39.Kh1 Rf8 40.Rxf8 Kxf8 41.h3 Rf6 42.Bb5 Kg7 43.Qc3 Qd4 44.Qxd4 exd4
45.Kg1 Rf5 46.Bc4 Kf8 47.d6 Rf6 48.a5 Rxd6 49.a6 Rb6 50.Kf2 Rb4 51.Bd3 Rb3
52.Bc4 Rc3 53.Bd5 Ra3 54.Bc4 Ke7  0-1

[Event "8th Parsvnath Open"]
[Site "New Delhi IND"]
[Date "2010.01.20"]
[Round "9"]
[White "Murshed,N"]
[Black "Singh,SV"]
[Result "1-0"]
[WhiteElo "2419"]
[BlackElo "2214"]

1.d4 d6 2.e4 g6 3.Nc3 Bg7 4.Be3 c6 5.Qd2 Nd7 6.Nf3 b5 7.Bd3 Bb7 8.O-O a6
9.Rfe1 e6 10.e5 d5 11.Ne2 Ne7 12.Bh6 O-O 13.c3 c5 14.h4 Re8 15.h5 Nf5 16.Bg5 Qb6
17.Bxf5 exf5 18.Bh6 Bh8 19.Ng3 Nf8 20.Bxf8 Rxf8 21.dxc5 Qd8 22.a4 Re8 23.Nd4 bxa4
24.c6 Bc8 25.f4 Ra7 26.Rxa4 Rae7 27.Raa1 f6 28.e6 Bg7 29.Nf1 Bf8 30.Qf2 Rg7
31.b4 Bd6 32.Re2 Bb8 33.Nd2 Qd6 34.Kh1 Rc7 35.Qg3 Qf8 36.Rc1 Qh6 37.Qf3  1-0

[Event "LX Abto de Verano"]
[Site "Villa Ballester ARG"]
[Date "2010.01.20"]
[Round "1"]
[White "Valli,A"]
[Black "Wisniacki,F"]
[Result "0-1"]
[WhiteElo "1982"]
[BlackElo "2266"]

1.e4 d6 2.d4 g6 3.Nc3 Bg7 4.Be3 c6 5.Be2 e5 6.dxe5 dxe5 7.Qxd8+ Kxd8 8.O-O-O+ Kc7
9.Bc4 Bh6 10.Bd2 f6 11.Nge2 Nd7 12.f3 Nc5 13.h4 b5 14.b4 Nb7 15.Bb3 a5 16.bxa5 Nxa5
17.h5 g5 18.g4 Bf8 19.Be3 Ba3+ 20.Kd2 Ne7 21.Ke1 Bd7 22.Nb1 Bb4+ 23.c3 Nxb3
24.axb3 Bd6 25.Kf2 Rhb8 26.Nd2 Ra2 27.Ra1 Rba8 28.Rxa2 Rxa2 29.b4 Be6 30.Rc1 Nc8
31.Ke1 Nb6 32.Ng3 Na4 33.Ne2 Nb2 34.Rb1 Na4 35.Rc1 c5 36.bxc5 Nxc5 37.Rb1 Kc6
38.Kd1 Na4 39.Ke1 Bc7 40.Rc1 Ba5 41.Nb1 Bc4 42.Ng3 Nb2 43.Rc2 Ra1 44.Rxb2 Bxc3+
45.Rd2 Rxb1+ 46.Kf2 Bxd2 47.Bxd2 b4  0-1

[Event "III Carlos Gamarra Mem"]
[Site "Asuncion URU"]
[Date "2010.01.27"]
[Round "11"]
[White "Brito,L"]
[Black "Valiente,C"]
[Result "1/2-1/2"]
[WhiteElo "2340"]
[BlackElo "2258"]

1.e4 g6 2.d4 Bg7 3.Nc3 d6 4.h3 c6 5.a4 Nf6 6.Nf3 O-O 7.Be2 Qc7 8.O-O e5 9.Be3 Nbd7
10.dxe5 dxe5 11.Qd2 b6 12.Rfd1 Bb7 13.Bc4 a6 14.Qd6 Rac8 15.Qxc7 Rxc7 16.Nd2  1/2-1/2

[Event "2nd Chennai Open"]
[Site "Chennai IND"]
[Date "2010.01.27"]
[Round "4"]
[White "Kamble,V"]
[Black "Dzhumaev,M"]
[Result "0-1"]
[WhiteElo "2364"]
[BlackElo "2515"]

1.d4 g6 2.e4 Bg7 3.Nc3 d6 4.Be3 Nd7 5.Qd2 c6 6.a4 Ngf6 7.h3 O-O 8.g4 e5 9.Bg2 d5
10.exd5 cxd5 11.Nge2 Re8 12.O-O exd4 13.Bxd4 Ne5 14.Rad1 h5 15.Bxe5 Rxe5
16.g5 Nh7 17.f4 Re8 18.Nxd5 Be6 19.c4 Qc8 20.b3 Bxh3 21.Ng3 h4 22.Ne4 Bxg2
23.Qxg2 h3 24.Qf3 Rxe4 25.Qxe4 Qg4+ 26.Kh1 Nxg5 27.Ne7+ Kh7 28.Qd5 f5 29.Rg1 Qxf4
30.Nxg6 Kxg6 31.Qxb7 Qe4+ 32.Qxe4 fxe4 33.Rd6+ Bf6 34.c5 Re8 35.c6 e3 36.c7 e2
37.Kh2 Kf5 38.Rd5+ Be5+ 39.Rxe5+ Kxe5 40.Rxg5+ Kf4 41.Rg1 Kf3 42.Rc1 Rc8
43.Rc3+ Kf2  0-1

[Event "8th Gibtelecom Masters"]
[Site "Caleta ENG"]
[Date "2010.01.28"]
[Round "3"]
[White "Mortensen,Hen"]
[Black "Videnova,I"]
[Result "1/2-1/2"]
[WhiteElo "2015"]
[BlackElo "2301"]

1.d4 g6 2.e4 Bg7 3.Nc3 d6 4.Nge2 a6 5.Be3 e6 6.Qd2 h6 7.g3 Nf6 8.h3 b5 9.Bg2 Bb7
10.f3 Nbd7 11.O-O Nb6 12.b3 d5 13.e5 Nfd7 14.f4 h5 15.a4 bxa4 16.Nxa4 Bc6
17.Nxb6 cxb6 18.c4 Nb8 19.Nc3 dxc4 20.bxc4 Bxg2 21.Qxg2 Nd7 22.d5 exd5 23.cxd5 O-O
24.d6 Nxe5 25.fxe5 Bxe5 26.Rac1 Qxd6 27.Rfd1 Qa3 28.Nd5 Rac8 29.Rxc8 Rxc8
30.Bf4 Bxf4 31.Nxf4 Rc1 32.Rxc1 Qxc1+ 33.Kh2 h4 34.Qf2 hxg3+ 35.Kxg3 Qc3+
36.Kg4 Qf6 37.Qe3 a5 38.Qe4 Qc3 39.Qe8+ Kg7 40.Ne6+ fxe6 41.Qe7+ Kg8 42.Qd8+ Kg7
43.Qe7+ Kh8 44.Qd8+ Kh7 45.Qh4+ Kg8 46.Qd8+ Kf7 47.Qd7+ Kg8 48.Qd8+  1/2-1/2

[Event "8th Gibtelecom Masters"]
[Site "Caleta ENG"]
[Date "2010.01.29"]
[Round "4"]
[White "Aerni,A"]
[Black "Grant,D SCO"]
[Result "1-0"]
[WhiteElo "2137"]
[BlackElo "1913"]

1.d4 g6 2.e4 Bg7 3.Nc3 d6 4.f4 c5 5.dxc5 Qa5 6.cxd6 Bxc3+ 7.bxc3 Qxc3+ 8.Bd2 Qd4
9.Bd3 Qxd6 10.Nf3 Nc6 11.O-O Nh6 12.Kh1 Qc5 13.Qe1 Ng4 14.h3 h5 15.f5 Nge5
16.fxg6 Nxg6 17.Rb1 e5 18.Rb5 Qe7 19.Bc4 Nd8 20.Bb4 Qc7 21.Rc5 Nc6 22.Ng5 f6
23.Bf7+ Qxf7 24.Nxf7 Kxf7 25.Bd2 Nce7 26.Rc7 Rd8 27.Qf2 Rd6 28.Bg5  1-0

[Event "8th Gibtelecom Masters"]
[Site "Caleta ENG"]
[Date "2010.01.29"]
[Round "4"]
[White "Stephan,Ax"]
[Black "Cheparinov,I"]
[Result "1/2-1/2"]
[WhiteElo "2252"]
[BlackElo "2660"]

1.e4 g6 2.d4 Bg7 3.Nc3 d6 4.Be3 c6 5.Qd2 Nd7 6.f3 b5 7.g4 Bb7 8.Nge2 a6 9.Bg2 Nb6
10.b3 Nf6 11.h4 h5 12.g5 Nfd7 13.f4 c5 14.O-O b4 15.Nd1 cxd4 16.Bxd4 e5 17.Bb2 Qc7
18.f5 gxf5 19.Rxf5 Nf8 20.Qxb4 Ng6 21.Qe1 d5 22.exd5 Nxd5 23.Qg3 O-O 24.Bxd5 Bxd5
25.Ne3 Be4 26.Rf2 Rad8 27.Nc3 Bb7 28.Raf1 Qc6 29.Kh2 Rd4 30.Nf5 Rg4 31.Qh3 e4
32.Nd5 Qxd5 33.Bxg7 Bc8 34.Nh6+ Kxg7 35.Rxf7+ Rxf7 36.Rxf7+ Kh8 37.Qc3+ Qe5+
38.Qxe5+ Nxe5 39.Rf8+ Kg7 40.Rxc8 Nf3+ 41.Kh3 Ng1+ 42.Kh2 Nf3+ 43.Kh3 Ng1+
44.Kh2  1/2-1/2

[Event "ch-UKR b18"]
[Site "Kyiv UKR"]
[Date "2010.01.29"]
[Round "5"]
[White "Ponomarenko,A"]
[Black "Megur,V"]
[Result "0-1"]
[WhiteElo "2073"]
[BlackElo "2101"]

1.e4 d6 2.d4 g6 3.Nc3 Bg7 4.Nf3 a6 5.Be2 Nd7 6.O-O e6 7.Bg5 Ne7 8.Qd2 h6
9.Be3 b6 10.Ne1 Bb7 11.d5 e5 12.f4 exf4 13.Bxf4 Ne5 14.Nf3 Qd7 15.Nd1 f5
16.exf5 Nxf5 17.Ne3 O-O-O 18.Nxf5 gxf5 19.Nd4 Ng6 20.Ne6 Rdg8 21.c4 Kb8 22.Bd3 Nxf4
23.Rxf4 Be5 24.Rxf5 Qe7 25.Qf2 Qe8 26.Rf7 Rxg2+ 27.Kxg2 Qxe6 28.Rf8+ Ka7
29.Rxh8 Bxh8 30.Bf5 Qe7 31.Rf1 Be5 32.b4 Qg7+ 33.Kh1 Bc3 34.Bh3 Bxb4 35.Qf7 Qxf7
36.Rxf7 b5 37.Be6 Kb6 38.cxb5 axb5 39.Kg2 Bd2 40.Kf3 b4 41.Ke4 Ba6 42.Rf2 Bc3
43.Bg4 Bc4 44.Bd1 c6 45.dxc6 Kxc6 46.Bb3 d5+ 47.Kf5 Kc5 48.Ba4 d4 49.Bb3 d3
50.Bxc4 Kxc4 51.Ke4 d2 52.Rf1 Bf6 53.Ke3 Kc3 54.Ke2 Kc2 55.Rd1 Bg5 56.h4 Bf4
57.h5 Bg5 58.Rg1 Bh4 59.Rd1 Be1 60.Ra1 Kb2 61.Rd1 Kxa2 62.Ke3 Kb3 63.Kd3 Kb2
64.Ke3 Kc2  0-1

[Event "ch-ROU m"]
[Site "Baile Olanesti ROU"]
[Date "2010.01.31"]
[Round "1"]
[White "Chirila,I"]
[Black "Andrei,G"]
[Result "1-0"]
[WhiteElo "2504"]
[BlackElo "1942"]

1.e4 d6 2.d4 g6 3.Nc3 Bg7 4.f4 Nf6 5.Nf3 Bg4 6.Be3 Nbd7 7.e5 Ng8 8.h3 Bxf3
9.Qxf3 Nh6 10.O-O-O Nf5 11.Bf2 c6 12.g4 Nh6 13.exd6 exd6 14.Re1+ Kf8 15.Bd3 d5
16.f5 Ng8 17.h4 Ngf6 18.g5 Ne8 19.fxg6 f6 20.gxh7 Nd6 21.h5 f5 22.h6 Rxh7
23.hxg7+ Rxg7 24.Rh8+ Rg8 25.Qh5 Ne4 26.Qh6+ Ke7 27.Rh7+ Ke8 28.Qe6+  1-0

[Event "8th Gibtelecom Masters"]
[Site "Caleta ENG"]
[Date "2010.01.31"]
[Round "6"]
[White "Schuetze,N"]
[Black "Campbell,I"]
[Result "1/2-1/2"]
[WhiteElo "2269"]
[BlackElo "2002"]

1.e4 g6 2.d4 Bg7 3.Nc3 d6 4.h3 Nd7 5.Nf3 a6 6.a4 b6 7.Bc4 e6 8.O-O Bb7 9.Re1 Ne7
10.Bf4 h6 11.Qd2 g5 12.Bg3 Ng6 13.Rad1 Qe7 14.Bd5 c6 15.Ba2 Rc8 16.Nb1 O-O
17.a5 Rfd8 18.axb6 Nxb6 19.Qb4 Na8 20.Qa3 Nc7 21.c4 c5 22.Nc3 Ne8 23.Na4 cxd4
24.Nxd4 Ne5 25.Nb6 Rb8 26.b4 Bxe4 27.Qxa6 Qc7 28.Nb5 Qxb6 29.Qxb6 Rxb6 30.Rxe4 Ra8
31.Bb3 Nxc4 32.Bxc4 d5 33.Bxd5 exd5 34.Nc7 Nxc7 35.Bxc7 Rb7 36.Re7 Bf8 37.Rd7 Rc8
38.Rc1 Bxb4  1/2-1/2

[Event "8th Gibtelecom Masters"]
[Site "Caleta ENG"]
[Date "2010.01.31"]
[Round "6"]
[White "De Lillo,M"]
[Black "Fegan,C"]
[Result "0-1"]
[WhiteElo "1934"]
[BlackElo "2093"]

1.e4 g6 2.d4 Bg7 3.Nc3 d6 4.f4 Nf6 5.Bd3 O-O 6.Nf3 Bg4 7.h3 Bxf3 8.Qxf3 Nc6
9.Be3 e5 10.Ne2 Re8 11.c3 exd4 12.cxd4 Nb4 13.Bb1 Qe7 14.e5 Nfd5 15.Bd2 dxe5
16.fxe5 Rad8 17.a3 Nc6 18.O-O Nxd4 19.Nxd4 Bxe5 20.Bc3 Nxc3 21.bxc3 Rf8 22.Ba2 c5
23.Ne2 c4 24.Kh1 b5 25.a4 a6 26.axb5 axb5 27.Rfb1 Rd3 28.Qe4 Rfd8 29.Nf4 Rd2
30.Re1 Re8 31.Qf3 Qf6 32.Qe3 Rdd8 33.Ne2 Rd3 34.Qc5 Qh4 35.Qc6 Re6 36.Qa8+ Kg7
37.Rf1 Rxh3+ 38.gxh3 Qxh3+  0-1

[Event "ch-ROU m"]
[Site "Baile Olanesti ROU"]
[Date "2010.02.01"]
[Round "2"]
[White "Sofronie,I"]
[Black "Chirita Mihaila,M"]
[Result "1-0"]
[WhiteElo "2457"]
[BlackElo "2136"]

1.e4 g6 2.d4 Bg7 3.Nc3 d6 4.f4 a6 5.Nf3 b5 6.Bd3 Nd7 7.e5 Nb6 8.O-O Nh6 9.a4 b4
10.Ne4 O-O 11.a5 Nd5 12.Bd2 Bg4 13.h3 Bxf3 14.Qxf3 e6 15.c4 bxc3 16.bxc3 f6
17.exf6 Nxf6 18.Nxf6+ Bxf6 19.Qc6 Nf5 20.Bxa6 Ne7 21.Qc4 d5 22.Qe2 Qd6 23.Bb7 Ra7
24.a6 Nc6 25.Bc1  1-0

[Event "15th HIT Open B"]
[Site "Nova Gorica SLO"]
[Date "2010.02.01"]
[Round "3"]
[White "Ursic,A"]
[Black "Grosar,G"]
[Result "1-0"]
[WhiteElo "2055"]
[BlackElo "1898"]

1.d4 g6 2.e4 Bg7 3.Nc3 d6 4.Be3 Nf6 5.f3 O-O 6.Nge2 Nbd7 7.g4 Nb6 8.Ng3 d5
9.h4 dxe4 10.g5 Nfd5 11.Nxd5 Nxd5 12.Bf2 exf3 13.Qxf3 c6 14.O-O-O b5 15.h5 e5
16.dxe5 Qxg5+ 17.Rd2 Bg4 18.Qb3 Bxe5 19.hxg6 fxg6 20.Ne4 Qf4 21.Bg2 Qf5 22.Rxd5 Bxb2+
23.Kxb2 cxd5 24.Bd4 Bf3 25.Bxf3 Rac8 26.Bg2 Rc4 27.Nd6 Qg5 28.Qh3 Rb4+ 29.Ka1 Rf1+
30.Rxf1  1-0

[Event "8th Gibtelecom Masters"]
[Site "Caleta ENG"]
[Date "2010.02.02"]
[Round "8"]
[White "Jacobsen,FB"]
[Black "Fegan,C"]
[Result "0-1"]
[WhiteElo "1952"]
[BlackElo "2093"]

1.e4 g6 2.d4 Bg7 3.Nc3 d6 4.Bc4 a6 5.a4 Nf6 6.f4 Nxe4 7.Bxf7+ Kxf7 8.Nxe4 Rf8
9.c3 Kg8 10.Qb3+ d5 11.Nf3 Nc6 12.O-O Na5 13.Qa2 Bf5 14.Re1 Nc4 15.Nc5 Qc8
16.Nh4 Bg4 17.h3 b6 18.hxg4 bxc5 19.b3 Nd6 20.f5 cxd4 21.b4 c6 22.fxg6 Qxg4
23.gxh7+ Kxh7 24.Rxe7 Qxh4 25.Rc7 Rae8  0-1

[Event "Georgi Tringov Mem"]
[Site "Plovdiv BUL"]
[Date "2010.02.02"]
[Round "4"]
[White "Nikolova,A"]
[Black "Chatalbashev,B"]
[Result "1/2-1/2"]
[WhiteElo "2336"]
[BlackElo "2561"]

1.e4 g6 2.d4 Bg7 3.Nc3 d6 4.h3 a6 5.a4 Nf6 6.g4 c5 7.Nge2 cxd4 8.Nxd4 Nc6
9.Be3 d5 10.Bg2 dxe4 11.Nxc6 Qxd1+ 12.Rxd1 bxc6 13.Nxe4 Nd5 14.Bd4 O-O 15.Bxg7 Kxg7
16.Nc5 Rb8 17.b3 e6 18.c4 Nb4 19.Ke2 a5 20.Rd6 Na6 21.Nxa6 Bxa6 22.Bxc6 Rxb3
23.Bb5 Bxb5 24.axb5 Rc8 25.Rc6 Rxc6 26.bxc6 Rb6 27.Ra1 Rxc6 28.Kd3 Kf6 29.Rxa5 e5
30.c5 Ke6 31.Kc4 f5 32.gxf5+ gxf5 33.Ra7 e4 34.Rxh7 Rc8 35.Rh6+ Ke5 36.c6 f4
37.Rh7 Kd6 38.Kd4 Re8 39.Rh6+ Kc7 40.Rg6 e3 41.fxe3 fxe3 42.Rg1  1/2-1/2

[Event "ch-ROU w"]
[Site "Baile Olanesti ROU"]
[Date "2010.02.03"]
[Round "5"]
[White "Sandu,Mi"]
[Black "Dragomirescu,An"]
[Result "1/2-1/2"]
[WhiteElo "2259"]
[BlackElo "2162"]

1.e4 g6 2.d4 Bg7 3.Nc3 d6 4.Be3 Nf6 5.h3 O-O 6.Nf3 a6 7.a4 b6 8.Bc4 Bb7 9.d5 Nbd7
10.Nd4 Ne5 11.Be2 c5 12.dxc6 Nxc6 13.O-O Nxd4 14.Bxd4 e5 15.Be3 Nxe4 16.Nd5 Nc5
17.b4 Nd7 18.Qd2 Rc8 19.Rfd1 Kh8 20.Rab1 f5 21.f3 Re8 22.c4 Ba8 23.a5 Bxd5
24.Qxd5 Bf8 25.axb6 Nxb6 26.Qd3 Nxc4 27.Bf2 Bh6 28.Rb3 Rc7 29.Qd5 Qc8 30.Rc3 Nb2
31.Rxc7 Qxc7 32.Qxd6 Qc2 33.Re1 Bd2 34.Rf1 Bxb4 35.Qxa6 Bc5 36.Qb5 Rc8 37.Kh1 Bxf2
38.Qxe5+ Kg8 39.Rxf2 Nd1 40.Rf1 Nb2 41.Ba6 Rc7 42.Bb5 Qc3 43.Qe6+ Kg7 44.Re1 Nc4
45.Bxc4 Qxc4 46.Qe5+ Kg8 47.Rd1 Rf7 48.Rd8+ Rf8 49.Rd7 Rf7 50.Rd8+ Rf8 51.Rd4 Qa2
52.Rd7 Rf7 53.Rd8+ Rf8  1/2-1/2

[Event "8th Gibtelecom Masters"]
[Site "Caleta ENG"]
[Date "2010.02.03"]
[Round "9"]
[White "Royset,P"]
[Black "Matto,M"]
[Result "1-0"]
[WhiteElo "2279"]
[BlackElo "1824"]

1.e4 d6 2.d4 g6 3.Nc3 Bg7 4.f4 c6 5.a4 Nd7 6.Nf3 Nf8 7.h3 h6 8.Bd3 Bd7 9.O-O Qc8
10.Qe2 e6 11.f5 Qc7 12.Ra3 O-O-O 13.Rb3 exf5 14.Ba6 Re8 15.Rxb7 Qxb7 16.Bf4 fxe4
17.Nxe4 Rxe4 18.Bxb7+ Kxb7 19.Qxe4 Ne6 20.Bxd6 Nf6 21.Qd3 Nd5 22.Ne5 Nef4
23.Qb3+ Ka8 24.Nxd7 Bxd4+ 25.Kh2 Rd8 26.Rxf4 Nxf4 27.Bxf4 g5 28.Bg3 f5 29.Bd6 Bb6
30.Qf7 f4 31.b4 Bf2 32.b5 g4 33.c4 g3+ 34.Kh1 h5 35.a5 h4 36.a6 f3 37.c5 fxg2+
38.Kxg2 Bxc5 39.Nxc5  1-0

[Event "ch-UKR b18"]
[Site "Kyiv UKR"]
[Date "2010.02.03"]
[Round "11"]
[White "Nyzhnyk,I"]
[Black "Megur,V"]
[Result "1-0"]
[WhiteElo "2486"]
[BlackElo "2101"]

1.e4 d6 2.d4 g6 3.Nc3 Bg7 4.f4 Nf6 5.Nf3 O-O 6.Be3 Na6 7.Qd2 c5 8.O-O-O cxd4
9.Bxd4 Qa5 10.a3 Bg4 11.Kb1 e5 12.Be3 exf4 13.Bxf4 Rac8 14.Bxd6 Rfe8 15.e5 Bxf3
16.gxf3 Rxe5 17.Bxe5 Qxe5 18.f4 Qc7 19.f5 Qe5 20.Bg2 Nc5 21.fxg6 hxg6 22.Rde1 Qc7
23.Nd5 Nxd5 24.Bxd5 Qb6 25.Qb4 Rd8 26.Rd1 Kf8 27.Rhf1 f5 28.h4 Qxb4 29.axb4 Na4
30.Bb3 Rxd1+ 31.Rxd1 Nxb2 32.Rd7 Be5 33.Rf7+ Ke8 34.Rxb7 Nd1 35.Rxa7 f4 36.Bf7+ Kd8
37.Bxg6 f3 38.Rf7 f2 39.Kc1 Bf4+ 40.Rxf4  1-0

[Event "TCh-NED 2009-10"]
[Site "Netherlands NED"]
[Date "2010.02.06"]
[Round "6"]
[White "Lobzhanidze,D"]
[Black "Roobol,M"]
[Result "1-0"]
[WhiteElo "2499"]
[BlackElo "2328"]

1.e4 g6 2.d4 Bg7 3.Nc3 d6 4.Be3 a6 5.a4 Nc6 6.d5 Ne5 7.f4 Ng4 8.Bd4 N4f6
9.Nf3 e6 10.Bc4 Ne7 11.dxe6 Bxe6 12.Bxe6 fxe6 13.e5 dxe5 14.Bxe5 Ned5 15.Qe2 Qe7
16.O-O O-O-O 17.Rae1 Rhe8 18.Qf2 Kb8 19.h3 Qb4 20.Ng5 Bf8 21.Kh2 Bc5 22.Qf3 Nd7
23.Nxe6 Nxe5 24.Rxe5 Rxe6 25.Nxd5 Rxd5 26.Qxd5 Rc6 27.b3 Bd6 28.Re8+ Ka7
29.Re4 Qc3 30.Rc4 Rxc4 31.bxc4 Qe3 32.Rf3 Qe2 33.h4 Qe1 34.Qd4+ b6 35.Qf2 Qc1
36.g3 Bc5 37.Qg2 a5 38.f5 gxf5 39.Rxf5 Bd6 40.Rg5 Qe3 41.Rg8  1-0

[Event "Georgi Tringov Mem"]
[Site "Plovdiv BUL"]
[Date "2010.02.06"]
[Round "9"]
[White "Vasilev,M"]
[Black "Elez,N"]
[Result "1-0"]
[WhiteElo "2466"]
[BlackElo "2236"]

1.d4 d6 2.e4 g6 3.Nc3 Bg7 4.Bc4 c5 5.dxc5 Qa5 6.Qf3 e6 7.cxd6 Qb4 8.Bb3 Qxd6
9.Bf4 Qc5 10.Nge2 Ne7 11.Rd1 Nbc6 12.Bd6 Qa5 13.h4 h5 14.Ba4  1-0

[Event "TCh-Eur Seniors"]
[Site "Dresden GER"]
[Date "2010.02.12"]
[Round "3"]
[White "Borwell,A"]
[Black "Holsteijn,G"]
[Result "1-0"]
[WhiteElo "2018"]
[BlackElo "2008"]

1.e4 g6 2.d4 Bg7 3.Nc3 d6 4.Be3 Nf6 5.Qd2 Nc6 6.f3 O-O 7.h4 e5 8.Nge2 a6
9.O-O-O exd4 10.Nxd4 Nxd4 11.Bxd4 h6 12.Be3 Kh7 13.g4 h5 14.Bg5 Qe8 15.Bxf6 Bxf6
16.Nd5 Qe5 17.Nxf6+ Qxf6 18.gxh5 gxh5 19.Bd3 Qe5 20.Rhg1 f6 21.f4 Qe8 22.e5+ f5
23.exd6 Be6 24.Rg5 Rf6 25.Rdg1 Qa4 26.Rxh5+ Rh6 27.Qc3 Qxf4+ 28.Kb1 Rg8 29.Rxg8 Kxg8
30.Rxh6 Qxh6 31.dxc7 Bc8 32.Bc4+ Kh7 33.Qg3 Qf8 34.h5 Qg7 35.Qxg7+ Kxg7 36.Kc1 Kh6
37.Be2  1-0

[Event "TCh-FIN 2009-10"]
[Site "Finland FIN"]
[Date "2010.02.13"]
[Round "6"]
[White "Pitkanen,SP"]
[Black "Linnanen,L"]
[Result "1/2-1/2"]
[WhiteElo "2218"]
[BlackElo "2184"]

1.e4 d6 2.d4 g6 3.Nc3 Bg7 4.Nge2 Nd7 5.g3 e5 6.Bg2 Ne7 7.O-O O-O 8.Bg5 exd4
9.Nxd4 h6 10.Be3 Ne5 11.h3 Nc4 12.Bc1 Nc6 13.Nde2 a5 14.b3 Nb6 15.Be3 a4
16.Qd2 axb3 17.axb3 Rxa1 18.Rxa1 Kh7 19.Bxb6 cxb6 20.Rd1 Be6 21.Qxd6 Qc8
22.Kh2 Rd8 23.Qa3 Nd4 24.Nxd4 Rxd4 25.Rxd4 Bxd4 26.Nb5 Bxf2 27.c4 Qh8 28.Qc1 Bc5
29.Qc3 Qd8 30.b4 Bf2 31.Bf3 Qg5 32.Be2 h5 33.Kg2 Qe3 34.Qxe3 Bxe3 35.Nc7 Bd2  1/2-1/2

[Event "Jerry Hanken Winter FIDE Open"]
[Site "Stillwater USA"]
[Date "2010.02.13"]
[Round "1"]
[White "Langer,M USA"]
[Black "Anderson,M"]
[Result "1-0"]
[WhiteElo "2263"]
[BlackElo "1811"]

1.e4 g6 2.d4 Bg7 3.Nc3 d6 4.f4 Nf6 5.Nf3 O-O 6.Be2 Bg4 7.O-O Nbd7 8.e5 Ne8
9.h3 Bxf3 10.Bxf3 c6 11.Be3 d5 12.g4 e6 13.f5 exf5 14.gxf5 Qh4 15.Qd2 gxf5
16.Bg2 Nb6 17.Bg5 Qh5 18.Be7 Bh6 19.Qf2 Ng7 20.Bxf8 Kxf8 21.Ne2 f4 22.Nxf4 Qf5
23.Rae1 Nc4 24.e6 Bxf4 25.Qxf4 Qxf4 26.Rxf4 f5 27.Rh4 Kg8 28.Rh6 Re8 29.b3 Nd2
30.c4 Ne4 31.Bxe4 fxe4 32.cxd5 cxd5 33.e7 Nf5 34.Rh5 Nxd4 35.Kf2 Nf3 36.Re2 Rxe7
37.Rxd5 Kf7 38.Rf5+ Ke6 39.Rxf3  1-0

[Event "Uxbridge Int Fischer"]
[Site "Uxbridge ENG"]
[Date "2010.02.13"]
[Round "1"]
[White "Bailey,K"]
[Black "Jaunooby,A"]
[Result "0-1"]
[WhiteElo "2103"]
[BlackElo "2171"]

1.e4 g6 2.d4 Bg7 3.Nc3 d6 4.f4 a6 5.Nf3 b5 6.Bd3 Nd7 7.a4 b4 8.Ne2 c5 9.c3 Rb8
10.O-O Ngf6 11.e5 Nd5 12.c4 Nc7 13.exd6 exd6 14.f5 O-O 15.fxg6 hxg6 16.Bg5 Qe8
17.Qd2 cxd4 18.Nexd4 Ne5 19.Bh6 Ne6 20.Bxg7 Kxg7 21.Nxe6+ Bxe6 22.Nxe5 dxe5
23.Qe3 f6 24.Qa7+ Qd7 25.Qxd7+ Bxd7 26.c5 a5 27.Be4 Rbc8 28.Rfd1 Rf7 29.Bd5 Re7
30.Rdc1 Bc6 31.Bb3 Rd8 32.Rd1 Red7 33.Kf2 Rd2+ 34.Ke3 R8d3+  0-1

[Event "Uxbridge Int Tal"]
[Site "Uxbridge ENG"]
[Date "2010.02.13"]
[Round "1"]
[White "Ociepka,A"]
[Black "McKenna,Jas"]
[Result "1-0"]
[WhiteElo "2120"]
[BlackElo "2147"]

1.e4 g6 2.d4 Bg7 3.Nc3 d6 4.f4 e6 5.Nf3 Ne7 6.Bd3 Nd7 7.Be3 b6 8.Qe2 a6 9.O-O-O Bb7
10.g4 d5 11.exd5 exd5 12.f5 c5 13.Rhe1 c4 14.Bf4 cxd3 15.Rxd3 Nf6 16.g5 Ne4
17.f6 Bxf6 18.gxf6 Nf5 19.Nxe4 dxe4 20.d5 O-O 21.Qxe4 Qxf6 22.Kb1 Rac8 23.Be5 Qd8
24.Qf4 Re8 25.Red1 Rc5 26.b3 b5 27.Bb2 f6 28.h4 Re2 29.c4 bxc4 30.bxc4 Qc8
31.Rc1 Kf7 32.Rb3 Qc7 33.Qxc7+ Rxc7 34.Rb6 Bc8 35.Bxf6 Ne3 36.Ne5+ Ke8 37.Rb8 Rb7+
38.Rxb7 Bxb7 39.d6 Be4+ 40.Ka1 Bf5 41.c5 Nc2+ 42.Rxc2 Rxc2 43.c6  1-0

[Event "Uxbridge Int Alekhine"]
[Site "Uxbridge ENG"]
[Date "2010.02.13"]
[Round "1"]
[White "Gormally,D"]
[Black "Shoker,S"]
[Result "1-0"]
[WhiteElo "2479"]
[BlackElo "2485"]

1.e4 g6 2.d4 Bg7 3.Nc3 d6 4.Be3 a6 5.Qd2 Nd7 6.h4 h6 7.f4 h5 8.Nf3 Nh6 9.O-O-O b5
10.Bd3 Ng4 11.e5 Nb6 12.Rhf1 d5 13.Ng5 e6 14.Rde1 Bf8 15.Nd1 Nc4 16.Qe2 c5
17.dxc5 Ngxe3 18.Nxe3 Bxc5 19.Bxc4 bxc4 20.f5 Bxe3+ 21.Qxe3 gxf5 22.Rxf5 exf5
23.e6 f6 24.Nf7 Qa5 25.Nxh8 f4 26.Qe2 f3 27.gxf3 Bb7 28.e7 d4 29.Nf7 Qd5
30.Nd8 d3 31.Qd2 c3 32.bxc3 dxc2 33.Qxc2 f5 34.Qa4+  1-0

[Event "TCh-FIN 2009-10"]
[Site "Finland FIN"]
[Date "2010.02.14"]
[Round "7"]
[White "Tella,J"]
[Black "Ristoja,J"]
[Result "1/2-1/2"]
[WhiteElo "2428"]
[BlackElo "2291"]

1.e4 g6 2.d4 Bg7 3.Nc3 d6 4.Be3 a6 5.a4 Nf6 6.h3 O-O 7.g4 b6 8.Bg2 Bb7 9.Nge2 Nbd7
10.O-O Rb8 11.f4 c5 12.d5 b5 13.Ng3 Ne8 14.Qe2 b4 15.Nd1  1/2-1/2